000 00835cam a2200277 a 4500
001 17094146
005 20171210044933.0
008 111221s2013 mau b 001 0 eng
010 _a 2011052546
020 _a9781449673581
020 _a9781449667467
035 _a(DNLM)101575047
040 _aDNLM/DLC
_cDLC
_dDLC
041 _aeng
042 _apcc
060 1 0 _aWY 105
080 _a618.2 GRA
082 0 0 _a610.73068
_223
100 1 _aPorter-O'Grady, Timothy.
101 _aNUR
245 1 0 _aLeadership in nursing practice :
_cTim Porter-O'Grady and Kathy Malloch.
504 _aIncludes bibliographical references and index.
906 _a7
_bcbc
_corignew
_d1
_eecip
_f20
_gy-gencatlg
942 _2udc
_cBK
999 _c1543
_d1543